000 00780nam a22002177a 4500
999 _c12705
_d12705
003 AR-CdUCM
008 190409b ||||| |||| 00| 0 spa d
040 _aMUNICIPALIDAD PROVINCIAL DEL CUSCO
_cBIBLIOTECA MUNICIPAL DEL CUSCO
082 _a985.61 /
_bC18
100 _aCalvo C., Rossano
_95422
245 _aLa tradición :
260 _aCusco :
_bMunicipalidad de Santiago,
_c1999.
300 _a241 paginas ;
_bIlustraciones, mapas,
_c20 cm.
505 _aContenido :La tradición en el Cusco aldeano --La tradición en el Cusco contemporáneo --Santiago distrito de tradición /
650 _aTradición oral
_92031
650 _aHistoria
_9136
650 _aSiglo XX
_98
710 _aSantiago. Municipalidad.
_930705
942 _2ddc
_cLIBROS
945 _arjall
_d2019-04-09